00450nam a2200157Ia 450000500170000000800410001708200130005810000120007124500240008326000430010730000120015065000100016294200060017295200990017899900150027720250316171624.0240331s9999 xx 000 0 und d bJAHa894 aJahan,F 0aOru kadal neerootri aChennai bPanikkudam Pathippagamc2007 a64 p ., aPoems cL 001040708LaWERCLbWERCLcSSCd2024-03-31l0o 894.811 JAHp5980r2024-03-31w2024-03-31yL c4664d4664